Регионална библиотека "Любен Каравелов" - Русе

Съединители за валове (Запис номер 60000)

MARC детайли
000 -Лидер
Контролно поле с фиксирана дължина 01777nam a2200373 c 4500
003 - Код на организацията, давaща контролен номер
Контролно поле BLK
005 - Дата и час на последна редакция
Контролно поле 20180422102323.0
008 - Елементи от данни с фиксирана дължина
fixed length control field 180408b bul|||||r ||||||| ||bul||
010 ## - Наследен системен номер
LC control number KNG00064128000
040 ## - Източник на каталожния запис
Идентификатор на билиотеката - собственик на записа BLK
041 ## - Код за език
Код за езика на текст/звукозапис или на отделно заглавие Български
Код за езика КДБФ Български
080 ## - УДК
Текстов определител УДК Цапфи, пети, лагери, валове, съединителимотовилки, ексцентрици, шарнири, балансьори и др.
УДК код - определител по УДК 621.82
УДК определител
УДК - код + определител 621.82
100 1# - Редна дума - Автор
Автор Лефтеров, Лефтер Статев
Авторска отговорност първи автор
R(LIN) 364535
139 ## - Редно поле
Редна дума Лефтеров, Лефтер Статев и др.
Авторски знак Лет - Л 51
245 10 - Сведения за заглавието
Заглавие Съединители за валове
Подзаглавни данни Осн. конструкции
Редно поле (дума) Лефтер Статев Лефтеров; съавт. Ангел Василев Балтаджиев; съавт. Цвятко Симеонов Атанасов.
257 ## - Страна на издаване
Страна на създаване/издаване България
260 ## - Област на издателските данни
-- София
Име на издателя, разпространителя и проч. Техника
Година на издаване 1986
Печатница Враца : В. Александров
300 ## - Физическа характеристика
Страници 215 с.
Илюстрации и др. с табл., сх., диагр.
Размери/Мащаб 24 см
Съпровождащи материали 1 л. сх.
380 ## - Жанр
Жанр Техника
490 1# - СЕРИИ (Колекции)
Име на серия Библиотека на конструктора
500 ## - Общи забележки
Забележка Кор. загл. Съединители. - Авт. не са отбелязани на кор. - Библиогр. с. 211-212.
504 ## - Забележка за наличие на библиография и др
Забележка за наличие на библиография и под. 211-212
650 #4 - Допълнително описание по предмет – тема
Основно описание – тема или топоним Машинни елементи
9 (RLIN) 257292
653 ## - Ключова дума – ненормативна
Ключова дума валове
653 ## - Ключова дума – ненормативна
Ключова дума машинни елементи
653 ## - Ключова дума – ненормативна
Ключова дума съединители
700 1# - Други автори (авторска отговорност)
Лично име Балтаджиев, Ангел Василев
Автороска отговорност (Описва отношението между автора и произведението) съавт.
9 (RLIN) 289501
700 1# - Други автори (авторска отговорност)
Лично име Атанасов, Цвятко Симеонов
Автороска отговорност (Описва отношението между автора и произведението) съавт.
9 (RLIN) 270299
852 ## - Местоположение
Форматна сигнатура Цб 144315
856 4# - Електронен адрес и достъп
Електронен формат pdf - файл
Път до файла /url/
856 4# - Електронен адрес и достъп
Електронен формат pdf - файл
Път до файла /url/
942 ## - АРТИКУЛИ
Вид на библиотечния материал Книги
Скрит в OPAC Не
944 ## - СЪЗДАВАНЕ И РЕДАКЦИЯ на ЗАПИСА
Създаване/Редакция Създаване
Дата на регистрацията/редакция 13.06.2004
Служител, извършил регистрацията/редакцията Читалня
944 ## - СЪЗДАВАНЕ И РЕДАКЦИЯ на ЗАПИСА
Създаване/Редакция Редакция
Дата на регистрацията/редакция 24.11.2015
Служител, извършил регистрацията/редакцията Вася_Ганчева
999 ## - СИСТЕМНИ КОНТРОЛНИ НОМЕРА
Koha biblionumber 60000
Koha biblioitemnumber 60000
Наличности
Код за отписване Код за изгубен артикул Източник на класификационната схема Код за повреда Коз за рестрикции Код за отдаване Артикулен № Име на библиотеката - собственик Име на библиотеката, в която се намира в момента Статус (Текущо местоположение) Дата на вписване в системата Местоположение - отдел Цена в лева Инвентарен номер Систематично азбучна сигнатура Баркод Номер на екземпляра Цена в евро Служебна бележка Служебен тип на артикула
  Не е изгубен Universal Decimal Classification Не е повреден без рестрикции ползва се в читалня 98434 Регионална библиотека "Любен Каравелов" Русе Регионална библиотека "Любен Каравелов" Русе Хранилище 1986-01-01 Хранилище 2.41 456514 Цб 144315 120000456514 1 1.23 Дост: Dp Вид: Д N: стар фонд Дата: 01.01.1986 Книги
Изтеглен Не е изгубен Universal Decimal Classification Не е повреден без рестрикции заемане за дома 98435 Регионална библиотека "Любен Каравелов" Русе Регионална библиотека "Любен Каравелов" Русе Заемна - подръчен фонд 1986-01-01 Заемна - подръчен фонд 2.41 490498 П 621.82/Л 51 490498 2 1.23 Дост: Pk Вид: Ф N: стар фонд Дата: 01.01.1986 Книги
Изтеглен Не е изгубен Universal Decimal Classification Не е повреден без рестрикции заемане за дома 98436 Регионална библиотека "Любен Каравелов" Русе Регионална библиотека "Любен Каравелов" Русе Заемна - подръчен фонд 1986-01-01 Заемна - подръчен фонд 2.41 490499 П 621.8/Л 51 120000490499 3 1.23 Дост: Pk Вид: Ф N: стар фонд Дата: 01.01.1986 Дата инв: 06.02.2018 Бележки инв: П2018 Книги
Изтеглен Не е изгубен Universal Decimal Classification Не е повреден без рестрикции заемане за дома 98437 Регионална библиотека "Любен Каравелов" Русе Регионална библиотека "Любен Каравелов" Русе Заемна - подръчен фонд 1986-01-01 Заемна - подръчен фонд 2.41 490500 П 621.82/Л 51 490500 4 1.23 Дост: Pk Вид: Ф N: стар фонд Дата: 01.01.1986 Книги
Vip Innovations Ltd, Rousse, Bulgaria 2025